Nations in the 2002 Winter Olympics - Statistics

General Stats
  • This quiz has been taken 24 times
  • The average score is 62 of 78
Answer Stats
Hint Answer % Correct
Oceania Australia
95%
Europe Austria
95%
Europe Belgium
95%
America Brazil
95%
Europe Germany
95%
Europe Great Britain
95%
Europe Ireland
95%
Europe Italy
95%
Europe Netherlands
95%
Oceania New Zealand
95%
Europe Norway
95%
Europe Poland
95%
Africa South Africa
95%
Europe Spain
95%
Europe Sweden
95%
Europe Ukraine
95%
Europe Andorra
89%
America Argentina
89%
Europe Belarus
89%
America Canada
89%
Asia China
89%
Europe Denmark
89%
Europe Finland
89%
Europe France
89%
Europe Greece
89%
Europe Hungary
89%
Europe Latvia
89%
Europe Liechtenstein
89%
Europe Romania
89%
Europe Russia
89%
Asia South Korea
89%
Europe Switzerland
89%
America United States
89%
Europe Bosnia and Herzegovina
84%
Europe Bulgaria
84%
America Chile
84%
Europe Croatia
84%
Europe Czech Republic
84%
Oceania Fiji
84%
Asia Iran
84%
America Jamaica
84%
Asia Japan
84%
Europe Lithuania
84%
America Mexico
84%
Europe Moldova
84%
Europe Slovakia
84%
Europe Slovenia
84%
Asia Turkey
84%
Asia Armenia
79%
Europe Estonia
79%
Europe Iceland
79%
Asia India
79%
Europe Macedonia
79%
Europe San Marino
79%
Asia Georgia
74%
Asia Nepal
74%
Asia Uzbekistan
74%
Asia Azerbaijan
68%
America Costa Rica
68%
Asia Cyprus
68%
Asia Israel
68%
Asia Kazakhstan
68%
Asia Kyrgyzstan
68%
Europe Monaco
68%
Asia Tajikistan
68%
Asia Chinese Taipei
63%
Africa Kenya
63%
Asia Mongolia
63%
America Venezuela
63%
Asia Lebanon
58%
Asia Thailand
58%
Africa Cameroon
53%
Europe FR Yugoslavia
53%
America Trinidad and Tobago
47%
Asia Hong Kong
42%
America Bermuda
32%
America Puerto Rico
32%
America Virgin Islands
32%
No matching quizzes found
Score Distribution
Percent of People with Each Score
Percentile by Number Answered
Your Score History
You have not taken this quiz